logo

Bir Sreshtho Munshi Abdur Rouf Library
Jhenaidah Cadet College

Science workbooks / (Record no. 10213)

MARC details
000 -LEADER
fixed length control field 00559nam a22002297a 4500
001 - CONTROL NUMBER
JCCL Control Number 10213
003 - CONTROL NUMBER IDENTIFIER
JCCL marc code OSt
005 - DATE AND TIME OF LATEST TRANSACTION
control field 20180520131005.0
008 - FIXED-LENGTH DATA ELEMENTS--GENERAL INFORMATION
fixed length control field 180421b1963 uk ||||| |||| 00| 0 eng d
035 ## - SYSTEM CONTROL NUMBER
system control number (BD-JhCC)10213
040 ## - CATALOGING SOURCE
Original cataloging agency BD-JhCC
Modifying agency BD-JhCC
041 ## - LANGUAGE CODE
Language code of Book eng
082 ## - DEWEY DECIMAL CLASSIFICATION NUMBER
Classification number 581
Author mark and Year SHE1963
100 ## - MAIN ENTRY--PERSONAL NAME
Personal name Shewell, M.E. J.
245 ## - TITLE STATEMENT
Title Science workbooks /
Statement of responsibility, etc M.E. J. Shewell and R. W. Crossland
260 ## - PUBLICATION, DISTRIBUTION, ETC. (IMPRINT)
Place of publication, distribution, etc London :
Date of publication, distribution, etc 1963.
300 ## - PHYSICAL DESCRIPTION
Pagination 31 p. :
Dimensions 26 cm.
650 ## - SUBJECT ADDED ENTRY--TOPICAL TERM
Topical term or geographic name as entry element Plants
700 ## - ADDED ENTRY--PERSONAL NAME
Personal name Crossland, R. W.
942 ## - ADDED ENTRY ELEMENTS (KOHA)
Source of classification or shelving scheme Dewey Decimal Classification
Koha item type Books
Holdings
Source of classification or shelving scheme Damaged status Not for loan Home library Current library Shelving location Date of accession Total Checkouts Full call number Barcode Date last seen Copy number Koha item type
Dewey Decimal Classification     JCC Rouf Library JCC Rouf Library General Stacks 04/21/2018   581 SHE1963 835 04/21/2018 C-1 Books

JCC Library | Contacts | JCC Home

Last Update on 23 September 2017
Copyright @ 2017-2020 JCC Rouf Library
Rouf Library, Jhenidah Cadet College (JCC), Bangladesh